Arte Sede Sur

Saved in:
Bibliografiske detaljer
Hovedforfatter: Vergara Grez, Ramón (Author)
Format: Bog
Sprog:spansk
Udgivet: Santiago Universitaria 1975
Udgivelse:1a. ed
Fag:
Tags: Tilføj Tag
Ingen Tags, Vær først til at tagge denne postø!

MARC

LEADER 00000cam a2200000 a 4500
001 UCC0310
003 CL-VaPUC
008 170804e19750000cl |||||||||||||||||spa|d
082 0 4 |a 709.83  |b VER  |2 21 
100 0 |a Vergara Grez, Ramón  |e author  |9 546523 
245 1 0 |a Arte Sede Sur 
250 |a 1a. ed 
300 |a pág. irreg 
942 |c BK 
945 |d 20170804 10:38:00  |a dcastane 
260 |a Santiago  |b Universitaria  |c 1975 
650 0 |a Pintura chilena  |9 266171 
650 0 |a Pintura chilena contemporanea  |9 464598 
650 0 |a Pintores chilenos  |9 345328 
583 |a last modification  |c 20170804 10:38:00  |k Rodrigo Vera 
999 |c 369171  |d 369169 
952 |0 0  |1 0  |3 erb  |4 0  |6 709_830000000000000_VER_1975  |7 0  |8 R  |9 484761  |a BIBART  |b BIBART  |i 5412552  |l 2  |o 709.83 VER 1975  |p 5412552  |r 2025-03-13  |s 2022-09-01  |w 2019-11-24  |y BK_R  |z Catalogado en:20170804  |k ART